Dictionary of industrial organization.
| Main Author: | |
|---|---|
| Other Authors: | |
| Format: | Book |
| Published: |
Cheltenham:
Edward Elgar,
2014.
|
| Subjects: |
| LEADER | 00480cam a2200157 7i4500 | ||
|---|---|---|---|
| 001 | 0000032038 | ||
| 005 | 20151202090000.0 | ||
| 020 | 0 | 0 | |a 978-1-84376-914-9 |
| 090 | 0 | 0 | |a REF 338.6 |b NOR |
| 100 | 1 | 0 | |a Norman, George |
| 245 | 0 | 0 | |a Dictionary of industrial organization. |
| 260 | 0 | 0 | |a Cheltenham: |b Edward Elgar, |c 2014. |
| 300 | # | # | |a v, 334p.. |
| 650 | 0 | 0 | |a Industrial organization (Economic theory) |
| 700 | 1 | # | |a Chisholm, Darlene C. |
| 999 | |a B000035746 |b Book |c Reference |e Business Information Centre | ||


